00382nam a2200133Ia 4500008004100000082001500041100003200056245005200088260003900140300001000179520001100189650002800200700002000228230907s9999||||xx |||||||||||||| ||und|| a621.3bSAD aHusnain Sadiq (00000170417) 0aImpact of PV penetration on MV feeder of NUST / aUSPCAS-E, NUST,bIslamabad :c2018 a58 p. aTH-118 aMS-EEP Thesis MS Thesis aDr Kashif Imran